Uruguayské kolo GATT a zemědělství

Popis hlavných zámerov budúcej poľnohospodárskej dohody. Hlavné body budúcej dohody: tarifikácia a záväzky na zníženie ciel, súčasný a minimálny prístup na trh, domáce podpory a vývozné subvencie, fytosanitárne a sanitárne opatrenia.

Salvato in:
Dettagli Bibliografici
Autore principale: Hadová, J.
Natura: Capitolo di libro
Lingua:ceco
Soggetti:
Tags: Aggiungi Tag
Nessun Tag, puoi essere il primo ad aggiungerne!!

MARC

LEADER 00000naa a2200000 4500
001 r014263
005 20221213090052.6
041 0 |a cze 
044 |a SK 
245 1 0 |a Uruguayské kolo GATT a zemědělství  |c J. Hadová 
520 |a Popis hlavných zámerov budúcej poľnohospodárskej dohody. Hlavné body budúcej dohody: tarifikácia a záväzky na zníženie ciel, súčasný a minimálny prístup na trh, domáce podpory a vývozné subvencie, fytosanitárne a sanitárne opatrenia. 
610 2 0 |a GATT 
610 2 0 |a poľnohospodárstvo 
610 2 0 |a Uruguaj 
610 2 0 |a clá 
610 2 0 |a dotácie 
610 2 0 |a subvencie 
100 1 |a Hadová, J.